Hacia una política regional de Medio Ambiente

Salvato in:
Dettagli Bibliografici
Ente Autore: Gobierno Regional de la Región de Valparaíso (Autore)
Natura: Libro
Lingua:spagnolo
Pubblicazione: Valparaíso Gobierno Regional de la Región de Valparaíso 2004
Soggetti:
Tags: Aggiungi Tag
Nessun Tag, puoi essere il primo ad aggiungerne!!

MARC

LEADER 00000nam a2200000 a 4500
001 UCG2001
003 CL-VaPUC
008 100531e20040400CL |||||||||||||||||spa|d
082 0 4 |a 577.083  |b GOB  |2 21 
110 2 |a Gobierno Regional de la Región de Valparaíso  |e author  |9 550173 
245 1 0 |a Hacia una política regional de Medio Ambiente 
300 |a 51 p 
942 |c BK 
945 |d 20100531 00:00:00  |a dcastane 
260 |a Valparaíso  |b Gobierno Regional de la Región de Valparaíso  |c 2004 
650 0 |a Ecología   |9 258124 
650 7 |a CONTAMINACION  |2 CL-VaPUC  |9 258139 
651 7 |a CHILE  |2 CL-VaPUC  |9 550174 
583 |a last modification  |c 20100531 00:00:00  |k Rodrigo Vera 
999 |c 341244  |d 341242 
952 |0 0  |1 0  |4 0  |6 577_083000000000000_GOB_2004  |7 0  |8 X  |9 436615  |a FDOBUD  |b FDOBUD  |d 2019-11-22  |i 4682181  |o 577.083 GOB 2004  |p 4682181  |r 2019-11-22  |w 2019-11-22  |y BK_X  |k BUD